00238 a2200109 450000100060000008200160000610000170002224500340003925000060007326000370007930000120011666127 a620.112 MAL aMalhotra D R aStrength of Materials, 6th Ed a6 aNew DelhibSatya Prakashanc1994 a1152 p.